| 000 | 01147cam a2200289 a 4500 | ||
|---|---|---|---|
| 001 | 000015465 | ||
| 005 | 20200929164041.0 | ||
| 008 | 761222s1907 sp 000 0 spa | ||
| 040 |
_aDO-SdBNP _bspa _cDLC _dBNPHU |
||
| 041 | 1 | 7 |
_aspa _hfre _2Código de idioma MARC |
| 082 |
_a860.9 _bR866m |
||
| 100 | 1 |
_aRousselot, Paul, _db. 1833. _934931 |
|
| 245 | 1 | 4 |
_aLos místicos españoles : _bMalón de Chaide, Juan de Ávila - Luis de Granada - Luis de León - Santa Teresa - San Juan de la Cruz y su grupo / _cPablo Rousselet ; versión española Pedro Umbert. |
| 260 |
_aBarcelona, (España) : _bHenrich, _c1907. |
||
| 300 |
_a246 p. ; _c19 cm. |
||
| 490 | 1 | _aBiblioteca de Escritores Contemporáneos. | |
| 650 | 4 |
_aMisticismo _914358 |
|
| 650 | 4 |
_aLiteratura española _9632 |
|
| 600 | 1 | 4 |
_aMALÓN DE CHAIDE, _d1530-1589. _934932 |
| 600 | 1 | 4 |
_aÁVILA JUAN DE, _d1499?-1569. _934933 |
| 600 | 1 | 4 |
_aGRANADA, LUIS DE, _d1504-1588. _934934 |
| 600 | 1 | 4 |
_aLEON, LUIS DE, _d1527-1591. _934935 |
| 700 | 1 |
_aUmbert, Pedro, _etr. _934936 |
|
| 830 | 0 |
_aBiblioteca de Escritores Contemporáneos. _934937 |
|
| 910 | _aCatalogación por copia / LC | ||
| 049 | _aBNGR | ||
| 999 |
_c15021 _d15021 |
||